| 000 | 00529nam a2200145Ia 4500 | ||
|---|---|---|---|
| 008 | 170221s9999 xx 000 0 und d | ||
| 100 | _aNoraini Nasirun | ||
| 245 | 2 | _aA Predictive ‘Quality of Use’ Model in Blended Learning | |
| 245 | _cNoraini Nasirun, Sarina Muhamad Noor, Rushamie Zien Yusoff, Abdul Aziz Othman | ||
| 260 | _bInternational Review of Management and Marketing | ||
| 260 | _cSeptember 2016 | ||
| 300 | _a5:3 | ||
| 650 | _xMarketing. | ||
| 856 | _uhttp://www.econjournals.com/index.php/irmm/issue/view/91 | ||
| 999 |
_c309978 _d309978 |
||